Entry Nombre personal
001 - NÚMERO DE CONTROL
- campo de control: 100675
003 - IDENTIFICADOR DE NÚMERO DE CONTROL
- campo de control: SpMaBN
005 - FECHA Y HORA DE LA ÚLTIMA TRANSACCIÓN
- campo de control: 20230828152958.0
008 - ELEMENTOS DE DATO DE LONGITUD-FIJA
- campo de control de longitud fija: 901120nn aijnnaabn a aaa
016 ## - NÚMERO DE CONTROL DE UNA AGENCIA BIBLIOGRÁFICA NACIONAL
- Número de control del registro: BNE19900129585
024 7# - IDENTIFICADOR DE OTROS ESTÁNDARES
- Número estándar o código: http://viaf.org/viaf/76310713/
- Fuente: viaf
024 7# - IDENTIFICADOR DE OTROS ESTÁNDARES
- Número estándar o código: https://isni.org/isni/0000000081559121
- Fuente: isni
024 7# - IDENTIFICADOR DE OTROS ESTÁNDARES
- Número estándar o código: http://www.wikidata.org/entity/Q105623100
- Fuente: wikidata
040 ## - FUENTE DE CATALOGACIÓN
- Centro catalogador/agencia de origen: SpMaBN
- Lengua de catalogación: spa
- Centro/agencia transcriptor: SpMaBN
- Normas de descripción: rdc
- Convención/Normas de encabezamiento de materia/tesauro: embne
042 ## - CÓDIGO DE AUTENTICACIÓN
- Código de autenticación: NORM20110301
100 1# - ENCABEZAMIENTO-NOMBRE DE PERSONA
- Nombre de persona: Ruiz Bravo-Villasante, Carmen,
- Fechas asociadas al nombre: 1947-
370 ## - LUGAR ASOCIADO
- Lugar de nacimiento: España, Cantabria (Comunidad Autónoma)
374 ## - OCUPACIÓN
- Ocupación: Catedráticos
375 ## - GÉNERO/SEXO
- Género: Femenino
377 ## - IDIOMA ASOCIADO
- Término de lengua/lenguaje: Español
400 1# - TRAZADO DE VÉASE--NOMBRE DE PERSONA
- Nombre de persona: Ruiz Bravo Villasante, Carmen,
- Fechas asociadas al nombre: 1947-
400 1# - TRAZADO DE VÉASE--NOMBRE DE PERSONA
- Nombre de persona: Ruiz BV, Carmen,
- Fechas asociadas al nombre: 1947-
400 1# - TRAZADO DE VÉASE--NOMBRE DE PERSONA
- Nombre de persona: Ruiz, Carmen,
- Fechas asociadas al nombre: 1947-
400 1# - TRAZADO DE VÉASE--NOMBRE DE PERSONA
- Nombre de persona: Ruiz Bravo, C.,
- Fechas asociadas al nombre: 1947-
400 1# - TRAZADO DE VÉASE--NOMBRE DE PERSONA
- Nombre de persona: Ruiz Bravo, Carmen,
- Fechas asociadas al nombre: 1947-
670 ## - FUENTE DE DATOS ENCONTRADOS
- Cita de la fuente: Un testigo árabe del siglo XX, Amin al-Rihani en Marruecos y en España (1939), 1993
- Información encontrada: port. (Carmen Ruiz Bravo-Villasante)
670 ## - FUENTE DE DATOS ENCONTRADOS
- Cita de la fuente: Cuaderno de escritura árabe, 1983
- Información encontrada: port. (C. Ruiz Bravo)
670 ## - FUENTE DE DATOS ENCONTRADOS
- Cita de la fuente: Jerusalén, Al-Quds, 1985
- Información encontrada: port. (Carmen Ruiz Bravo)
670 ## - FUENTE DE DATOS ENCONTRADOS
- Cita de la fuente: Búlbul y Lina, 2019
- Información encontrada: portada (Carmen Ruiz BV)
670 ## - FUENTE DE DATOS ENCONTRADOS
- Cita de la fuente: WWW Diario de Burgos, 23-2-2011
- Información encontrada: (Carmen Ruiz Bravo-Villasante; catedrática jubilada de Estudios Árábes en la Universidad Autónoma de Madrid)
670 ## - FUENTE DE DATOS ENCONTRADOS
- Cita de la fuente: WWW Círculo Intercultural Hispano Árabe, 03-12-2020
- Información encontrada: (Carmen Ruiz Bravo-Villasante; Nació en 1947 en Cantabria, España. Especialista en literatura árabe y prolífica escritora de ensayos y reseñas sobre este tema)
- Identificador Uniforme de Recursos: https://cihispanoarabe.org/news/da-carmen-ruiz-bravo-villasant e/
856 4# - LOCALIZACIÓN Y ACCESO ELECTRÓNICOS
- Identificador Uniforme de Recursos: http://dialnet.unirioja.es/servlet/autorExterno/BNE/1031632
